[Event "Steinfurt Bezirksliga 1415"]
[Site "Germany"]
[Date "2014.11.29"]
[Round "4.5"]
[White "Gott, Christopher"]
[Black "Baltes, Manfred"]
[Result "1/2-1/2"]
[WhiteElo "1598"]
[BlackElo "1595"]
[PlyCount "64"]
[EventDate "2014.09.06"]
[EventType "team-tourn"]
[EventRounds "9"]
[EventCountry "GER"]
[SourceTitle "EXT 2016"]
[Source "ChessBase"]
[SourceDate "2015.10.08"]
[SourceVersion "1"]
[SourceVersionDate "2015.10.08"]
[SourceQuality "1"]
[WhiteTeam "Emsdetten Turm III"]
[BlackTeam "Steinfurt II"]
[WhiteTeamCountry "GER"]
[BlackTeamCountry "GER"]

1. e4 e6 2. d4 d5 3. exd5 exd5 4. Nf3 Bd6 5. Nc3 c6 6. Bd3 Nf6 7. Bg5 0-0 8. 0-0 h6 9. Bh4 Bg4 10. Be2 Nbd7 11. Bg3 Qc7 12. Ne5 Bxe2 13. Qxe2 a6 14. Rae1 c5 15. Nxd7 Qxd7 16. Bxd6 Qxd6 17. dxc5 Qxc5 18. Qe7 Qc6 19. Rd1 Rfe8 20. Qb4 b5 21. a4 bxa4 22. Qxa4 Qxa4 23. Nxa4 Re2 24. c3 Rae8 25. f3 Rc2 26. Rf2 Ree2 27. Rxe2 Rxe2 28. Rf1 g5 29. b4 Rc2 30. Re1 Ra2 31. Nc5 Ra3 32. Rc1 g4 1/2-1/2

[Event "Steinfurt Bezirksliga 1415"]
[Site "Germany"]
[Date "2014.11.08"]
[Round "3.5"]
[White "Miethe, Christoph"]
[Black "Gott, Christopher"]
[Result "1-0"]
[WhiteElo "1680"]
[BlackElo "1598"]
[PlyCount "65"]
[EventDate "2014.09.06"]
[EventType "team-tourn"]
[EventRounds "9"]
[EventCountry "GER"]
[SourceTitle "EXT 2016"]
[Source "ChessBase"]
[SourceDate "2015.10.08"]
[SourceVersion "1"]
[SourceVersionDate "2015.10.08"]
[SourceQuality "1"]
[WhiteTeam "Rheine Klein Berlin II"]
[BlackTeam "Emsdetten Turm III"]
[WhiteTeamCountry "GER"]
[BlackTeamCountry "GER"]

1. e4 c5 2. c3 d6 3. d4 cxd4 4. cxd4 Nf6 5. Nc3 a6 6. f4 Bg4 7. Be2 Bxe2 8. Qxe2 Nbd7 9. e5 dxe5 10. fxe5 Ng8 11. Nf3 e6 12. 0-0 Qb6 13. Be3 f6 14. Qf2 0-0-0 15. Rfc1 Kb8 16. Ne4 Qb5 17. exf6 Ngxf6 18. Neg5 Re8 19. Nf7 Rg8 20. Bf4+ Ka8 21. Qc2 Qb6 22. Bc7 Rc8 23. Bxb6 Rxc2 24. Rxc2 Nxb6 25. Re1 Nbd5 26. Rxe6 Nb4 27. Rc8+ Ka7 28. a3 Nc6 29. b4 Kb6 30. N3e5 Kb5 31. Nxc6 bxc6 32. Rexc6 Bxb4 33. axb4 1-0

[Event "Steinfurt Bezirksliga 1314"]
[Site "Germany"]
[Date "2014.02.15"]
[Round "6.5"]
[White "Schellmann, Maraike"]
[Black "Gott, Christopher"]
[Result "1-0"]
[WhiteElo "1543"]
[BlackElo "1632"]
[PlyCount "101"]
[EventDate "2013.09.14"]
[EventType "team-tourn"]
[EventRounds "9"]
[EventCountry "GER"]
[SourceTitle "EXT 2015"]
[Source "ChessBase"]
[SourceDate "2014.11.20"]
[SourceVersion "1"]
[SourceVersionDate "2014.11.20"]
[SourceQuality "1"]
[WhiteTeam "Emsdetten Rochade III"]
[BlackTeam "Emsdetten Turm III"]
[WhiteTeamCountry "GER"]
[BlackTeamCountry "GER"]

1. e4 c5 2. Nf3 d6 3. d4 cxd4 4. Nxd4 Nf6 5. Nc3 Nc6 6. Bc4 Qb6 7. Nb3 Ng4 8. 0-0 g6 9. Nd5 Qd8 10. f4 e6 11. Ne3 Qb6 12. Qxg4 Nb4 13. Qe2 Bd7 14. Kh1 Rc8 15. c3 Nc6 16. Qd3 Qc7 17. Nd4 a6 18. f5 Ne5 19. Qe2 Nxc4 20. fxe6 Bxe6 21. Qf2 Ne5 22. Qf6 Rg8 23. Nxe6 Qd7 24. Nxf8 Rxf8 25. Nd5 Ng4 26. Qh4 Qe6 27. Nf6+ Nxf6 28. Rxf6 Qc4 29. Bh6 Rg8 30. Qf4 Rc6 31. Rxd6 Rxd6 32. Qxd6 Qxe4 33. Qb8+ Ke7 34. Qxg8 Kd6 35. Qxf7 Qc2 36. Qxb7 Ke5 37. Qb3 Qxb3 38. axb3 g5 39. Rd1 g4 40. c4 a5 41. c5 g3 42. hxg3 a4 43. bxa4 Kf6 44. c6 Kg6 45. c7 Kxh6 46. c8Q Kh5 47. Qf5+ Kh6 48. Rd6+ Kg7 49. Qd7+ Kh8 50. Rc6 Kg8 51. Rc8# 1-0

[Event "Steinfurt Bezirksliga 1213"]
[Site "Germany"]
[Date "2013.05.04"]
[Round "9.5"]
[White "Gott, Christopher"]
[Black "Peters, Tobias"]
[Result "1-0"]
[WhiteElo "1586"]
[BlackElo "1481"]
[PlyCount "109"]
[EventDate "2012.09.22"]
[EventType "team-tourn"]
[EventRounds "9"]
[EventCountry "GER"]
[SourceTitle "EXT 2015"]
[Source "ChessBase"]
[SourceDate "2014.11.20"]
[SourceVersion "1"]
[SourceVersionDate "2014.11.20"]
[SourceQuality "1"]
[WhiteTeam "Emsdetten Turm III"]
[BlackTeam "Rheine SG"]
[WhiteTeamCountry "GER"]
[BlackTeamCountry "GER"]

1. e4 e5 2. Nf3 Nc6 3. Bb5 d6 4. 0-0 Bd7 5. d4 exd4 6. Nxd4 Nxd4 7. Bxd7+ Qxd7 8. Qxd4 Nf6 9. Re1 Be7 10. Nc3 0-0 11. Bf4 Rad8 12. Qxa7 b6 13. Qa4 Qg4 14. Bg3 Nh5 15. Nd5 Qd7 16. Qxd7 Rxd7 17. Nxe7+ Rxe7 18. Bh4 Re6 19. f3 Rg6 20. a4 Nf4 21. Bg3 Ne6 22. Bf2 h5 23. a5 bxa5 24. Rxa5 Rb8 25. b3 h4 26. Be3 c5 27. Rd1 Nc7 28. Bf4 Nb5 29. Rd2 Kf8 30. Ra6 Ke7 31. e5 Rd8 32. exd6+ Kd7 33. Re2 Re6 34. Rxe6 Kxe6 35. Bg5 f6 36. Bxh4 Nd4 37. Bf2 Kd5 38. c4+ Ke5 39. Rb6 Rd7 40. Bxd4+ Kxd4 41. Kf2 f5 42. Rc6 g6 43. Kg3 Ke5 44. Rxc5+ Kf6 45. Rd5 g5 46. c5 f4+ 47. Kg4 Rh7 48. Rxg5 Ke6 49. Kxf4 Rxh2 50. Re5+ Kd7 51. Re7+ Kd8 52. c6 Rh6 53. c7+ Kc8 54. Re8+ Kd7 55. c8Q+ 1-0

[Event "Steinfurt Bezirksliga 1213"]
[Site "Germany"]
[Date "2013.04.13"]
[Round "8.8"]
[White "Gott, Christopher"]
[Black "Keller, Hansjuergen"]
[Result "1-0"]
[WhiteElo "1586"]
[BlackElo "1594"]
[PlyCount "63"]
[EventDate "2012.09.22"]
[EventType "team-tourn"]
[EventRounds "9"]
[EventCountry "GER"]
[SourceTitle "EXT 2015"]
[Source "ChessBase"]
[SourceDate "2014.11.20"]
[SourceVersion "1"]
[SourceVersionDate "2014.11.20"]
[SourceQuality "1"]
[WhiteTeam "Emsdetten Turm III"]
[BlackTeam "Nordwalde"]
[WhiteTeamCountry "GER"]
[BlackTeamCountry "GER"]

1. e4 d5 2. exd5 Qxd5 3. Nc3 Qa5 4. Nf3 c6 5. d3 Bg4 6. Be2 Nf6 7. Bd2 e6 8. Ne4 Qd8 9. Nfg5 Bxe2 10. Qxe2 Be7 11. 0-0 Nbd7 12. f4 0-0 13. f5 Nxe4 14. Nxe4 exf5 15. Rxf5 Nf6 16. Raf1 Nxe4 17. Qxe4 Qd7 18. Rh5 g6 19. Rh3 f5 20. Qc4+ Qd5 21. Qxd5+ cxd5 22. Rhf3 Bc5+ 23. Be3 d4 24. Bd2 Rfe8 25. Kf2 Re6 26. Rf4 Rae8 27. Re1 Kf7 28. g4 Kf6 29. gxf5 gxf5 30. Rxe6+ Rxe6 31. Rh4 Kg6 32. Rh6+ 1-0

[Event "Steinfurt Bezirksliga 1213"]
[Site "Germany"]
[Date "2012.10.27"]
[Round "2.7"]
[White "Gildehaus, Simon"]
[Black "Gott, Christopher"]
[Result "0-1"]
[WhiteElo "1619"]
[BlackElo "1586"]
[PlyCount "52"]
[EventDate "2012.09.22"]
[EventType "team-tourn"]
[EventRounds "9"]
[EventCountry "GER"]
[SourceTitle "EXT 2015"]
[Source "ChessBase"]
[SourceDate "2014.11.20"]
[SourceVersion "1"]
[SourceVersionDate "2014.11.20"]
[SourceQuality "1"]
[WhiteTeam "Saerbeck II"]
[BlackTeam "Emsdetten Turm III"]
[WhiteTeamCountry "GER"]
[BlackTeamCountry "GER"]

1. e4 c5 2. Nc3 d6 3. f4 Nc6 4. Bc4 Nf6 5. Nf3 Bg4 6. e5 dxe5 7. fxe5 Bxf3 8. Qxf3 Nxe5 9. Bb5+ Ned7 10. Qxb7 Qb8 11. Qxb8+ Rxb8 12. d3 e6 13. 0-0 Be7 14. b3 0-0 15. Bf4 Rbd8 16. Rae1 Nb6 17. Ne4 Nbd5 18. Bd2 a6 19. Bc4 Nb4 20. Bxb4 cxb4 21. Re2 Nd5 22. Ra1 a5 23. Bxd5 Rxd5 24. Nd2 Ra8 25. Nc4 a4 26. Nb6 Bc5+ 0-1

[Event "Steinfurt Bezirksliga 1011"]
[Site "Germany"]
[Date "2011.04.16"]
[Round "8.5"]
[White "Stoffers, Elsbeth"]
[Black "Gott, Christopher"]
[Result "1-0"]
[WhiteElo "1394"]
[BlackElo "1630"]
[PlyCount "93"]
[EventDate "2010.10.02"]
[EventType "team-tourn"]
[EventRounds "9"]
[EventCountry "GER"]
[SourceTitle "EXT 2012"]
[Source "ChessBase"]
[SourceDate "2011.11.24"]
[SourceVersion "1"]
[SourceVersionDate "2011.11.24"]
[SourceQuality "1"]
[WhiteTeam "Steinfurt III"]
[BlackTeam "Emsdetten Turm III"]
[WhiteTeamCountry "GER"]
[BlackTeamCountry "GER"]

1. d4 e6 2. c4 Nf6 3. Nf3 b6 4. Bg5 h6 5. Bh4 Bb7 6. e3 g5 7. Bg3 Ne4 8. Nbd2 Nxg3 9. hxg3 Qf6 10. Rc1 c5 11. dxc5 Bxc5 12. b3 Na6 13. Bd3 Bb4 14. 0-0 Nc5 15. Bb1 0-0-0 16. Qe2 g4 17. Nh4 Bxd2 18. Qxd2 Ne4 19. Bxe4 Bxe4 20. c5 Bc6 21. cxb6 axb6 22. Qd4 Qxd4 23. exd4 Kb7 24. f3 h5 25. fxg4 Rdf8 26. gxh5 Rxh5 27. Rf4 Ra5 28. a4 Bd5 29. Rc3 b5 30. axb5 Rxb5 31. Ng6 f5 32. Nxf8 Bc6 33. Ng6 Ra5 34. Ne5 Bd5 35. Nxd7 Ra2 36. Rf2 Ra1+ 37. Kh2 Rd1 38. Nc5+ Kb6 39. Nd7+ Kb7 40. Nf6 Rxd4 41. Nxd5 Rxd5 42. Rfc2 e5 43. Rc5 Rd3 44. Rxe5 Rxb3 45. Rxf5 Kb6 46. Rf3 Rb5 47. g4 1-0

[Event "Steinfurt Bezirksliga 0809"]
[Site "Germany"]
[Date "2009.05.09"]
[Round "9.5"]
[White "Gott, Christopher"]
[Black "Janzen, Dieter"]
[Result "1/2-1/2"]
[WhiteElo "1469"]
[BlackElo "1628"]
[PlyCount "145"]
[EventDate "2008.09.27"]
[EventType "team-tourn"]
[EventRounds "9"]
[EventCountry "GER"]
[SourceTitle "EXT 2010"]
[Source "ChessBase"]
[SourceDate "2010.11.25"]
[SourceVersion "1"]
[SourceVersionDate "2010.11.25"]
[SourceQuality "1"]
[WhiteTeam "Emsdetten Turm III"]
[BlackTeam "Saerbeck II"]
[WhiteTeamCountry "GER"]
[BlackTeamCountry "GER"]

1. e4 e5 2. Nf3 Nc6 3. Bb5 Nf6 4. d3 d6 5. Bg5 Be7 6. Nc3 0-0 7. Bxc6 bxc6 8. Qd2 Rb8 9. Rb1 Bg4 10. Qe3 a6 11. h3 Be6 12. 0-0 Nd7 13. Bxe7 Qxe7 14. d4 f6 15. b3 Rfe8 16. Rbd1 Nb6 17. Rd3 Qf7 18. Rfd1 Rbd8 19. dxe5 d5 20. exf6 gxf6 21. e5 Bf5 22. R3d2 fxe5 23. Nxe5 Qg7 24. f4 Rd6 25. Rf1 Nd7 26. g4 Nxe5 27. fxe5 Rxe5 28. Qg3 Bg6 29. Rff2 Rde6 30. Na4 Rf5 31. Nc5 Rxf2 32. Rxf2 h6 33. Nxa6 Qa1+ 34. Kh2 Be4 35. Qf4 Qg7 36. Nc5 Bg6 37. a4 Qf7 38. Qxf7+ Bxf7 39. a5 Re8 40. Rf6 Ra8 41. a6 Kg7 42. Rxc6 Ra7 43. b4 Be8 44. Re6 Bf7 45. Re1 Kf6 46. Kg3 c6 47. Kf4 Bg8 48. h4 Bf7 49. Re5 Ra8 50. g5+ hxg5+ 51. hxg5+ Kg6 52. Re7 Bg8 53. a7 Rf8+ 54. Kg4 d4 55. Rb7 Ra8 56. Na6 Be6+ 57. Kf4 Bc8 58. Rb6 Bd7 59. Nc5 Rxa7 60. Nxd7 Rxd7 61. Rxc6+ Kg7 62. b5 d3 63. cxd3 Rxd3 64. Kf5 Rd5+ 65. Kf4 Rxb5 66. Re6 Ra5 67. Re5 Ra1 68. Re7+ Kg6 69. Re6+ Kg7 70. Re3 Kg6 71. Kg4 Ra4+ 72. Kf3 Kxg5 73. Re5+ 1/2-1/2

[Event "Steinfurt Bezirksliga 0809"]
[Site "Germany"]
[Date "2008.12.20"]
[Round "4.4"]
[White "Gott, Christopher"]
[Black "Brinkmann, Franz Josef"]
[Result "1-0"]
[WhiteElo "1469"]
[BlackElo "1698"]
[PlyCount "119"]
[EventDate "2008.09.27"]
[EventType "team-tourn"]
[EventRounds "9"]
[EventCountry "GER"]
[SourceTitle "EXT 2010"]
[Source "ChessBase"]
[SourceDate "2010.11.25"]
[SourceVersion "1"]
[SourceVersionDate "2010.11.25"]
[SourceQuality "1"]
[WhiteTeam "Emsdetten Turm III"]
[BlackTeam "Rheine Klein Berlin II"]
[WhiteTeamCountry "GER"]
[BlackTeamCountry "GER"]

1. e4 c5 2. Nf3 e6 3. Nc3 Nc6 4. d4 cxd4 5. Nxd4 Bc5 6. Nb3 Bb4 7. Bd2 Nf6 8. Bd3 a6 9. Qe2 Ne5 10. a3 Be7 11. f4 Nxd3+ 12. Qxd3 0-0 13. e5 Ne8 14. 0-0-0 f5 15. Be3 d5 16. exd6 Nxd6 17. Bc5 Nf7 18. Qxd8 Bxd8 19. Bxf8 Kxf8 20. Nc5 b6 21. Nd7+ Ke8 22. Ne5 Bc7 23. Nd3 Bb7 24. Rhe1 Ke7 25. g3 g5 26. Nb4 Kf6 27. Rd7 Rc8 28. Na4 Be4 29. fxg5+ Nxg5 30. Nc3 Bf3 31. Nd3 Bc6 32. Rd4 Nf3 33. Rc4 Nxe1 34. Nxe1 Bb7 35. Nd3 b5 36. Rd4 Bb6 37. Rh4 Be3+ 38. Kd1 Bf3+ 39. Ke1 h6 40. Rb4 e5 41. a4 bxa4 42. Rxa4 Rc6 43. Nb4 Rd6 44. Rxa6 Bd2+ 45. Kf2 Rxa6 46. Nxa6 e4 47. Nd5+ Ke5 48. Ne3 Ba5 49. Nc4+ Kd4 50. Nxa5 Bd1 51. Nc6+ Kc4 52. Nab4 h5 53. c3 Kb3 54. Nd4+ Kxb2 55. Nd5 Bg4 56. Ke3 Ka3 57. Kf4 Kb2 58. c4 Bh3 59. c5 Bg2 60. Ne3 1-0

[Event "Steinfurt Kreisklasse 0607"]
[Site "Germany"]
[Date "2007.04.21"]
[Round "9.2"]
[White "Gott, Christopher"]
[Black "Roos, Philipp"]
[Result "1-0"]
[WhiteElo "1402"]
[BlackElo "1288"]
[PlyCount "123"]
[EventDate "2006.09.23"]
[EventType "team-tourn"]
[EventRounds "10"]
[EventCountry "GER"]
[SourceTitle "EXT 2008"]
[Source "ChessBase"]
[SourceDate "2007.11.25"]
[SourceVersion "1"]
[SourceVersionDate "2007.11.25"]
[SourceQuality "1"]
[WhiteTeam "Emsdetten Turm IV"]
[BlackTeam "Saerbeck IV"]
[WhiteTeamCountry "GER"]
[BlackTeamCountry "GER"]

1. e4 e5 2. Nf3 Nc6 3. Bb5 f5 4. d3 Bc5 5. Be3 Bxe3 6. fxe3 d6 7. Bxc6+ bxc6 8. exf5 Bxf5 9. e4 Bg6 10. Nc3 Nf6 11. Rf1 Ng4 12. Qd2 0-0 13. h3 Nf6 14. 0-0-0 Nd7 15. Qg5 Qf6 16. Qg4 Qf4+ 17. Qxf4 Rxf4 18. Ne2 Rff8 19. Ng5 Rae8 20. Nf3 c5 21. Nh4 Bf7 22. c4 c6 23. Nf5 d5 24. Nd6 Re7 25. Ng3 g6 26. Nxf7 Rexf7 27. Rxf7 Rxf7 28. Rf1 Rxf1+ 29. Nxf1 Nf6 30. Nd2 d4 31. Nb3 Nd7 32. Na5 Nb8 33. a3 Kf7 34. b4 cxb4 35. axb4 a6 36. Kd1 Kf6 37. Ke2 h5 38. Kf3 Kg5 39. Nb7 Kf6 40. Kg3 g5 41. Nd6 Ke6 42. Nf5 Kf6 43. h4 g4 44. Kf2 Nd7 45. Ke1 c5 46. b5 axb5 47. cxb5 Nb6 48. Kd2 c4 49. dxc4 Nxc4+ 50. Kd3 Na5 51. b6 Nb7 52. Kc4 Kf7 53. Kd5 Na5 54. Kxe5 Nc4+ 55. Kxd4 Nxb6 56. Ng3 Kg6 57. e5 Nc8 58. Kd5 Kf7 59. Nxh5 Ne7+ 60. Ke4 Ng6 61. g3 Ne7 62. Nf4 1-0

[Event "Steinfurt Kreisklasse 0607"]
[Site "Germany"]
[Date "2007.03.10"]
[Round "7.1"]
[White "Gott, Christopher"]
[Black "Hohenberger, Rudolf"]
[Result "1-0"]
[WhiteElo "1402"]
[BlackElo "1379"]
[PlyCount "57"]
[EventDate "2006.09.23"]
[EventType "team-tourn"]
[EventRounds "10"]
[EventCountry "GER"]
[SourceTitle "EXT 2008"]
[Source "ChessBase"]
[SourceDate "2007.11.25"]
[SourceVersion "1"]
[SourceVersionDate "2007.11.25"]
[SourceQuality "1"]
[WhiteTeam "Emsdetten Turm IV"]
[BlackTeam "Westerkappeln II"]
[WhiteTeamCountry "GER"]
[BlackTeamCountry "GER"]

1. e4 e5 2. Nf3 d6 3. Nc3 Nf6 4. Bc4 Bg4 5. h3 Bxf3 6. Qxf3 g6 7. Nd5 Bg7 8. d3 0-0 9. Bg5 Nbd7 10. 0-0-0 c6 11. Ne3 Qc7 12. Ng4 Nxg4 13. hxg4 h6 14. Qh3 h5 15. gxh5 Bf6 16. hxg6 Bxg5+ 17. Kb1 Kg7 18. Qh7+ Kf6 19. gxf7 Ke7 20. Qf5 Bf6 21. Rh6 d5 22. exd5 Qd6 23. dxc6 bxc6 24. g4 Rh8 25. Rdh1 Rxh6 26. Rxh6 Rh8 27. Rxh8 Bxh8 28. Qh7 Bf6 29. f8Q+ 1-0

[Event "Steinfurt Kreisklasse 0607"]
[Site "Germany"]
[Date "2007.02.17"]
[Round "6.2"]
[White "Gott, Christopher"]
[Black "Lauel, Dominik"]
[Result "1-0"]
[WhiteElo "1402"]
[BlackElo "844"]
[PlyCount "61"]
[EventDate "2006.09.23"]
[EventType "team-tourn"]
[EventRounds "10"]
[EventCountry "GER"]
[SourceTitle "EXT 2008"]
[Source "ChessBase"]
[SourceDate "2007.11.25"]
[SourceVersion "1"]
[SourceVersionDate "2007.11.25"]
[SourceQuality "1"]
[WhiteTeam "Emsdetten Turm IV"]
[BlackTeam "Neuenkirchen III"]
[WhiteTeamCountry "GER"]
[BlackTeamCountry "GER"]

1. e4 e5 2. Nf3 Nc6 3. Bb5 a6 4. Bxc6 bxc6 5. d3 Bc5 6. Nxe5 Qf6 7. Nf3 Ne7 8. Nc3 0-0 9. h4 h6 10. g4 Qd6 11. h5 Bb4 12. Bd2 Qe6 13. Rg1 Rb8 14. a3 Ba5 15. b4 Bb6 16. Na4 Qf6 17. Nxb6 Rxb6 18. g5 hxg5 19. c4 g6 20. Bxg5 Qg7 21. Bxe7 Re8 22. Bc5 d6 23. Bd4 Qh6 24. hxg6 Rb7 25. gxf7+ Kxf7 26. Be3 Qf6 27. Ng5+ Kg8 28. e5 Qxe5 29. Nf3+ Kh7 30. Nxe5 dxe5 31. Qh5# 1-0

[Event "Steinfurt Bezirksliga 0506"]
[Site "Germany"]
[Date "2005.11.19"]
[Round "3.8"]
[White "Gott, Christopher"]
[Black "Gausmann, Gregor"]
[Result "1/2-1/2"]
[WhiteElo "1402"]
[BlackElo "1221"]
[PlyCount "110"]
[EventDate "2005.09.24"]
[EventType "team-tourn"]
[EventRounds "9"]
[EventCountry "GER"]
[SourceTitle "EXT 2006"]
[Source "ChessBase"]
[SourceDate "2005.11.24"]
[SourceVersion "1"]
[SourceVersionDate "2005.11.24"]
[SourceQuality "1"]
[WhiteTeam "Emsdetten Turm III"]
[BlackTeam "Rheine"]
[WhiteTeamCountry "GER"]
[BlackTeamCountry "GER"]

1. e4 c5 2. Nf3 e6 3. d4 cxd4 4. Nxd4 Bc5 5. Nb3 Bb6 6. e5 Nc6 7. f4 Nh6 8. N1d2 Nf5 9. Nf3 Be3 10. Bxe3 Nxe3 11. Qd3 Qb6 12. c3 Nd5 13. g3 Qe3+ 14. Qxe3 Nxe3 15. Bd3 h6 16. Ke2 Nd5 17. h4 b6 18. Nfd4 Nxd4+ 19. Nxd4 Bb7 20. Nb5 Ke7 21. Rhf1 Ba6 22. Rad1 Bxb5 23. Bxb5 a6 24. Bc4 Nc7 25. Rd3 Rhd8 26. f5 exf5 27. Rxf5 Ne6 28. Re3 Ra7 29. g4 b5 30. Bb3 Rc7 31. g5 hxg5 32. hxg5 b4 33. Bxe6 dxe6 34. Rff3 bxc3 35. Rxc3 Rcd7 36. Rfd3 a5 37. b3 Rd5 38. Rc7+ Ke8 39. Rxd5 Rxd5 40. Kf3 Rxe5 41. Kf4 Rf5+ 42. Kg4 g6 43. Ra7 Kd8 44. a3 Kc8 45. b4 axb4 46. axb4 Kb8 47. Rd7 e5 48. Rd3 Kc7 49. Rf3 e4 50. Re3 Re5 51. Kf4 Kd6 52. Rxe4 Rf5+ 53. Kg4 Rb5 54. Kf4 Rf5+ 55. Kg4 Rb5 1/2-1/2